000 00293nam a22001217a 4500
008 230629b xxu||||| |||| 00| 0 eng d
082 _a335.43
_bSCH
100 _cFritz Schatten
245 _aCommunism in Africa
260 _bGeorge Allen & unwin Ltd
_c1966
300 _a352p
942 _2ddc
_cBK
999 _c2956
_d2956